000 00627nam a2200229 a 4500
001 000003295
003 DO-SdBNP
005 20180323144711.0
008 090707s2009 dr af 000 0 spa d
010 _a000003295
020 _a9789945001204
040 _aBPMET
_bspa
_cBPMET
100 1 _aPhipps, Miguel
245 1 3 _aEl achuchoncito de la selva /
_cMiguel Phipps.
260 _aSanto Domingo :
_bCorripio,
_c2009.
300 _a[20] p. :
_bil. ;
_c29 cm.
490 1 _aInfantil
830 0 _aInfantil
942 _2ddc
_cBK
945 _aRemanejado para la BNPHU / 2018 VM
956 _aVMATEO
_b10
_c20140627
_lBPMSU
_h0069
999 _c7232
_d7232